| 000 | 00715nam a2200253 4500 | ||
|---|---|---|---|
| 001 | 00000000122256 | ||
| 003 | OSt | ||
| 005 | 20140826213007.0 | ||
| 008 | 020226s1977 esp 0011 spa d | ||
| 020 | _a84-239-0228-5 | ||
| 040 | _cBMC | ||
| 082 | _a920 Alejandro Magno | ||
| 082 | _a920 Julio César | ||
| 100 | 0 |
_9158 _aPlutarco _d50-127 |
|
| 245 | 1 | 0 |
_aVidas paralelas _c Plutarco ; [traducción de A. Ranz Romanillos] _b: Alejandro-Julio César |
| 250 | _a7ª ed | ||
| 260 |
_aMadrid _bEspasa-Calpe _c1977 |
||
| 300 |
_a142 p. _c18 cm |
||
| 490 |
_aAustral _v228 |
||
| 600 | 0 | 4 |
_9164 _aAlejandro Magno |
| 600 | 1 | 4 |
_9107 _aCésar, Cayo Julio |
| 700 | 1 |
_9166 _aRanz Romanillos, Antonio |
|
| 942 |
_2ddc _cBK |
||
| 999 |
_c183 _d183 |
||